Missing Word: Robert Redford (A-Z) Quiz Stats

Quiz Updated Mar 7, 2015

Challenge
Share
Tweet
Embed
Score 0/22 Timer 03:00
0 Plays Today
Hint Missing Word % Correct
The _____ Gatsby Great
98.3%
Butch Cassidy and the Sundance _____ Kid
97.5%
All the President's _____ Men
97.3%
Charlotte's _____ Web
97%
_____ of AfricaOut
95.4%
The _____ Whisperer Horse
95.4%
Up Close & _____ Personal
94.8%
_____ ProposalIndecent
92.9%
The Company _____ KeepYou
92.4%
_____ Is LostAll
85.9%
_____ Days of the CondorThree
66.3%
Hint Missing Word % Correct
_____ in the ParkBarefoot
62.1%
Legal _____ Eagles
57.7%
_____ JohnsonJeremiah
46.9%
The _____ Natural
37.7%
Lions for _____ Lambs
32.4%
_____ RacerDownhill
22.5%
_____ GameSpy
21.6%
The Hot _____ Rock
14.3%
An _____ LifeUnfinished
11%
The Last _____ Castle
10.8%
Little _____ and Big Halsy Fauss
7.8%

Today's Daily Dose

Word Ladder
'90s Movies

Quick Pick
'Fire' Movies

On This Day
June 19th II

You're not logged in!

Compare scores with friends on all Sporcle quizzes.
Join for Free
OR
Log In

You Might Also Like...

Show Comments

Extras

Top Quizzes Today


Score Distribution

Your Account Isn't Verified!

In order to create a playlist on Sporcle, you need to verify the email address you used during registration. Go to your Sporcle Settings to finish the process.

Report this User

Report this user for behavior that violates our Community Guidelines.

Details: